书目信息 |
| 题名: |
(当代)学校德育思想流派与德育论著选读 下
|
|
| 作者: | 冯克诚 主编 | |
| 分册: | ||
| 出版信息: | 北京 中国环境科学出版社 2006.05 |
|
| 页数: | 233页 | |
| 开本: | 20cm | |
| 丛书名: | 《中国教育名家名作精读丛书》 | |
| 单 册: | ||
| 中图分类: | G410 | |
| 科图分类: | ||
| 主题词: | 思想政治教育--学校教育 , 德育--学校教育 | |
| 电子资源: | ||
| ISBN: | 7-80135-736-1 | |
| 000 | 00761nam0 2200229 450 | |
| 001 | 0732117629 | |
| 005 | 20070619084554.53 | |
| 010 | @a7-80135-736-1@dCNY26.30 | |
| 100 | @a20070618d2006 km y0chiy0120 ea | |
| 101 | 0 | @achi |
| 102 | @aCN@b110000 | |
| 200 | 1 | @a(当代)学校德育思想流派与德育论著选读 下@A(dang dai)xue xiao de yu si xiang liu pai yu de yu lun zhu xuan du xia@f冯克诚主编@Ffeng ke cheng zhu bian |
| 210 | @a北京@c中国环境科学出版社@d2006.05 | |
| 215 | @a233页@d20cm | |
| 225 | 2 | @a《中国教育名家名作精读丛书》 |
| 410 | 0 | @12001 @a《中国教育名家名作精读丛书》 |
| 606 | 0 | @a思想政治教育--学校教育 |
| 606 | 0 | @a德育--学校教育 |
| 690 | @aG410@v4 | |
| 701 | 0 | @a冯克诚@Afeng ke cheng@4主编 |
| 801 | 0 | @aCN@bPFT@c20070619 |
| 905 | @aBZT@dG410@e1-2 | |
| (当代)学校德育思想流派与德育论著选读 下/冯克诚主编.-北京:中国环境科学出版社,2006.05 |
| 233页;20cm.-(《中国教育名家名作精读丛书》) |
| ISBN 7-80135-736-1:CNY26.30 |
| ● |
| 相关链接 |
|
|
|
正题名:(当代)学校德育思想流派与德育论著选读 下
索取号:G410/1-2
 
预约/预借
| 序号 | 登录号 | 条形码 | 馆藏地/架位号 | 状态 | 备注 |
| 1 | 563668 | 230108377 | 中心书库北库/ 北库031架B面1列3层29/ [索取号:G410/1-2] | 在馆 | |
| 2 | 563669 | 230108376 | 中心书库北库/ 北库031架B面1列3层30/ [索取号:G410/1-2] | 在馆 | |
| 3 | 563670 | 230108375 | 中心书库北库/ 北库031架B面1列3层31/ [索取号:G410/1-2] | 在馆 | |
| 4 | 563671 | 230108374 | 中心书库北库/ 北库031架B面1列3层32/ [索取号:G410/1-2] | 在馆 | |
| 5 | 563672 | 230108373 | 中心书库北库/ 北库031架B面1列3层27/ [索取号:G410/1-2] | 在馆 |